000
00202nam a2200085Ia 4500
008
170620s9999 xx 000 0 und d
100
_a
Rai- Amarnath
245
0
_a
Nirdashak avam Paramarsh
260
_b
Delhi- MotiLal
260
_c
2010
999
_c
25433
_d
25433